000 00444nam a2200181 a 4500
001 2573
003 CO-ViMGA
008 141112s2004 ck r 000 u spa d
040 _aCO-ViMGA
_bspa
_cCO-ViMGA
082 0 4 _aCh 863.044 S368d
100 1 _aSepulveda, Luis
245 1 0 _aDesencuentros
260 _aBarcelona :
_bTusquest,
_c1997
300 _a240 p
490 _aAndanzas, 303
650 1 4 _aCUENTOS CHILENOS
_951553
942 _2ddc
_cBK
999 _c14650
_d14650